00359 a2200109 4500001001000000005001700010008004100027245004800068100002300116773009300139999001700232ART_2449720260410161934.0260409a 10aTan lejos de Ricardo, tan cerca de Wicksell1 aLeijonhufvud, Axel0 tRevista de Economía Política de Buenos Airesg- Año 1, Nº 2 (nov. 2007)wREV23982 c28837d28837